Pakistan Journal of International Relations

Bibliographic Details
Format: Journal
Language:English
Published: Karachi : AsiaNet Pakistan (Pvt) Ltd., 2011-
Subjects:
Online Access:http://www.vlex.com/source/6877

MARC

LEADER 00000nas a22000007a 4500
005 20130118150353.0
007 cr|||| ||||
008 130118e2011 pk z||pss|||| 00| a eng d
035 |a 6877 
040 |a vLex 
090 |c 3556  |d 3556 
245 0 0 |a Pakistan Journal of International Relations  |h [Recurso electrn̤ico] 
256 |a Servicio en ln̕ea 
260 |a Karachi :  |b AsiaNet Pakistan (Pvt) Ltd.,  |c 2011- 
300 |a 1 Recurso electrn̤ico 
650 |a Economa̕  |z Pakistǹ 
740 |a vLex Revistas (Servicio en ln̕ea) 
856 |a Acceso restringido  |u http://www.vlex.com/source/6877 
942 |c REV 
999 0 |a Economics